000 00779nam a22002537a 4500
003 LK-CoMWRAF
005 20240315101646.0
008 240114b2009 |||||||| |||| 00| 0 eng d
020 _a9789558415962
040 _aLK-CoMWRAF
_dLK-CoMWRAF
_eLK-CoMWRAF
041 _atam
082 _a894.8113
_bWIC
100 _aவிக்ரமசிங்க, மார்ட்டின்
_vWickramasinghe, Martin
242 _aGamperaliya
242 _aUprooted
245 _aகிராமப் பிறழ்வு
246 _aKiraamap piralwu
260 _aRajagiriya:
_bSarasa,
_c2009
300 _a228 p.
650 _aTAMIL FICTION
650 _aSinhala fiction-Tamil translations
700 _a உவைஸ், ம. முகம்மது
_etrans.
942 _cBK
999 _c4617
_d4617